| 000 | 00759nam a2200205Ia 4500 | ||
|---|---|---|---|
| 003 | LDD | ||
| 008 | 190117s9999 xx 000 0 und d | ||
| 020 |
_a8126707894 _c₹500 |
||
| 040 | _cLDD | ||
| 041 | _ahi | ||
| 082 | _a370.15689143 पु7102सू | ||
| 100 | _aपुष्पिता | ||
| 245 | 0 |
_aसूरीनाम हिंन्दी परिषद का इतिहास _cपुष्पिता |
|
| 246 |
_aSurinam hindi parishad ka itihas _b कैरेबियाई देशो |
||
| 260 |
_aदिल्ली _bराजकमल प्रकाशन _c2004 |
||
| 300 | _a167 | ||
| 901 | _aRAJ | ||
| 904 | _aReqst by : सत्यकाम | ||
| 942 |
_2ddc _cH |
||
| 999 |
_c163634 _d163634 |
||